000 00519nam a2200181 i 4500
001 36980
003 ES-MaACL
005 20250717090416.0
007 t|
008 030219s1905 fr ||||1| fre d
100 1 _aBrunetière, Ferdinand.
_932173
245 1 0 _aSur les chemis de la croyance /
_cFerdinand Brunetiere.
260 _aParís :
_bPerrin et Cie,
_c1905 (
_fCapeomont)
300 _aXXII, 312 p. ;
_c19 cm.
650 0 7 _aPositivismo
_2embne
_916324
852 _aES-MaACL
_jF-8404
999 _c36980
_d36980